| 000 | 00939nam a2200313 a 4500 | ||
|---|---|---|---|
| 001 | 4001421 | ||
| 003 | OSt | ||
| 005 | 20140310182344.0 | ||
| 008 | 961029s1997 nyuaf c 000 1 eng d | ||
| 010 | _a 96071630 | ||
| 035 | _a(OCoLC)37017838 | ||
| 040 |
_aCHu _cCHu _dDLC |
||
| 042 |
_alccopycat _alcac |
||
| 050 | 0 | 0 |
_aPZ 7 _b.D8544 Dg 1997 |
| 082 | 0 | 0 |
_aGS 823 _bW17h 1997 |
| 245 | 1 | 0 | _aDisney's Hercules / |
| 246 | 3 | 0 | _aHercules |
| 260 |
_aHong Kong : _bAdventures Learning Ltd, _cc1997. |
||
| 300 |
_a10 p. : _bcol. ill. ; _c28 cm. |
||
| 541 | _j1 | ||
| 562 | _e1 | ||
| 650 | 0 |
_aHercules _95213 |
|
| 710 | 2 |
_aWalt Disney Company. _95318 |
|
| 730 | 0 |
_aHercules (Motion picture) _96375 |
|
| 906 |
_a7 _bcbc _ccopycat _d3 _eopcn _f19 _gy-gencatlg |
||
| 942 |
_2lcc _cBK-GS |
||
| 999 |
_c12189 _d12189 |
||